000 00497nam a2200157Ia 4500
008 240729s9999 xx 000 0 und d
022 _a2413-9270
245 0 _aJournal of Studies in Social Sciences and Humanities
260 _aAustria
260 _bInternational Educational and Social Sciences Association (IESSA)
650 _a Social sciences (General)
650 _aSocial Sciences
856 _uhttps://doaj.org/toc/d660ab48aea846379c9d6be83c8318b9
942 _2ddc
942 _cDOAJEJ
999 _c66636
_d66636
945 _a1
_bMadushi Gamage
_c1
_dMadushi Gamage